000 00479nam a2200181Ia 4500
001 13715
005 20260306164821.0
008 260306t2018||||xx |||||||||||||| ||spa||
041 _aESP
082 _a005.133C2
_bB146
100 _aBjornander, Stefan
_eAUT
245 0 _aC++17 by example:
_bpractical projects to get you up and running with C++17
260 _c2018
300 _avi, 427 páginas :
_c23 cm.
650 _aGEN
654 _aCCC
942 _cLIB
_dJUS
_fJUS
_2ddc
_n
999 _c13715
_d13715